| 000 | 01720nam a2200373 c 4500 | ||
|---|---|---|---|
| 003 | BLK | ||
| 005 | 20180422093842.0 | ||
| 008 | 180412b bul|||||r ||||||| ||bul|| | ||
| 010 | _aKNG00008656000 | ||
| 020 |
_a954-18-0065-3 _bиздат.: Булвест 2000 |
||
| 040 | _aBLK | ||
| 041 |
_aBUL _cBUL |
||
| 080 |
_aИзобразително изкуство в основното училище _b372.875 _x(075.2) _z372.875(075.2) |
||
| 100 | 1 |
_aНемцов, Драган Георгиев _eпърви автор _9363740 |
|
| 700 | 1 |
_aДимчев, Веселин _eсъавт. _9252486 |
|
| 700 | 1 |
_aДимитров, Димитър _eсъавт. _9363351 |
|
| 139 |
_aНемцов, Драган Георгиев и др. _bН 53 |
||
| 245 | 1 | 0 |
_aКнига за ученика по изобразително изкуство за VІ клас _cДраган Георгиев Немцов; съавт. Веселин Димчев; съавт. Димитър Димитров. |
| 257 | _aBGR | ||
| 260 |
_аСофия _bБулвест 2000 _c1995 _fПловдив : Полиграфия |
||
| 300 |
_a119 с. _bс цв. ил. _c28 см |
||
| 380 | _a3 | ||
| 500 | _aКор. Изобразително изкуство. - 106 000 тир. ; доп. тир. 1999. - Терминол. речник. | ||
| 650 | 4 |
_aИзобразително изкуство - учебни помагала _9249252 |
|
| 653 | _aизобразително изкуство | ||
| 653 | _aрисуване | ||
| 653 | _aVІ кл. | ||
| 653 | _aучебни помагала | ||
| 852 | _aЦб ІІ 8415 | ||
| 856 | 4 |
_qpdf _u |
|
| 856 | 4 |
_qpdf _u |
|
| 942 |
_cKNG _n0 |
||
| 944 |
_aCR _c15.01.2003 _lф / _kЛюдмила_Стоянова |
||
| 944 |
_aED _c10.02.2011 _lф / _k |
||
| 999 |
_c7362 _d7362 |
||